Detalles MARC
| 000 -LÍDER |
| Campo fijo de descripción fija |
01753aam a2200313 i 4500 |
| 001 - NÚMERO DE CONTROL |
| Campo de control |
768714001 |
| 003 - IDENTIFICADOR DEL NÚMERO DE CONTROL |
| Campo de control |
CO-MdBIC |
| 005 - FECHA Y HORA DE LA ULTIMA TRANSACCIÓN |
| control field |
20190814144305.0 |
| 008 - ELEMENTOS DE LONGITUD FIJA -- INFORMACIÓN GENERAL |
| Campo fijo de descripción fija -- Información general |
190725t1995 ck |||| |||| 00| 0 spa d |
| 020 ## - NÚMERO INTERNACIONAL NORMALIZADO PARA LIBROS |
| Número Internacional Normalizado del libro |
958-9149-49-9 |
| 040 ## - FUENTE DE CATALOGACIÓN |
| Idioma de catalogación |
spa. |
| Agencia de catalogación original |
CO-MdFUSB |
| Agencia que realiza la transcripción |
CO-MdFUSB |
| Agencia que realiza la modificación |
CO-MdFUSBC |
| Convenciones de la descripción |
rda |
| 041 ## - CÓDIGO DE IDIOMA |
| Código de idioma para texto/pista de sonido o título separado |
spa |
| 082 ## - NÚMERO DE CLASIFICACIÓN DECIMAL DEWEY |
| Número de la edición del Dewey |
22 |
| Número de clasificación |
227.8706 |
| Clave de autor-Numero de item |
D322h |
| 100 1# - ASIENTO PRINCIPAL--NOMBRE PERSONAL |
| Nombre personal |
Dehaan, M. R. (Martin Ralph) (1891-1965) |
| Término relacionador |
autor |
| 240 ## - TITULO UNIFORME |
| Título uniforme |
<a href="Hebrews">Hebrews</a> |
| 245 10 - TÍTULO |
| Título del Material |
Hebreos : |
| Parte restante del título - Subtitulo |
Reposo y Responsabilidad de los Salvos. |
| Mención de responsabilidad, etc. |
/ M. R, DeHaan traducción de Rosemary de Muñoz ; editado por Emma de Nieto. |
| 264 #1 - PRODUCCIÓN, PUBLICACIÓN, DISTRIBUCIÓN, MANUFACTURA, Y COPYRIGHT |
| Lugar de producción, publicación, distribución, manufactura |
Bogotá, Colombia : |
| Nombre del productor, publicador, distribuidor |
CLC Colombia, |
| Fecha de producción, publicación, distribución, manufactura, o copyright |
[1995] |
| 264 ## - PRODUCCIÓN, PUBLICACIÓN, DISTRIBUCIÓN, MANUFACTURA, Y COPYRIGHT |
| Fecha de producción, publicación, distribución, manufactura, o copyright |
© 1995 |
| 300 ## - DESCRIPCIÓN FÍSICA |
| Extensión |
248 páginas |
| Dimensiones |
; 21 cm |
| 336 ## - TIPO DE CONTENIDO |
| Término de tipo de contenido |
texto |
| Código de tipo de contenido |
txt |
| Fuente |
rdacontent |
| 337 ## - TIPO DE MEDIO |
| Fuente |
rdamedia |
| Nombre del tipo de medio |
sin mediación |
| Código del tipo de medio |
n |
| 338 ## - TIPO DE SOPORTE |
| Fuente |
rdacarrier |
| Nombre del tipo de soporte |
volumen |
| Código Tipo de soporte |
nc |
| 505 0# - NOTA DE CONTENIDO |
| Nota de contenido con formato preestablecido |
Salvo o medio salvo. -- Descuidando nuestra salvación. -- La meta de la salvación. -- Un poco menor que los ángeles. -- Todos afuera, mas no todos adentro. -- Cadáveres en el desierto. -- Descansando del trabajo. -- La segunda bendición. -- Ganando la corona. -- Niños en Cristo. -- El pecado de muerte. -- Los descalificados de Dios. -- El sacerdocio celestial. -- El costo del discipulado. -- La ley y la gracia. -- Caer de la gracia. -- íDios juzgará a su pueblo! -- El triunfo de la fe. -- Las recompensas de la fe. -- Usted está siendo observado. -- Disciplinados para el servicio. -- Después. -- Informe de calificaciones. -- Separados para Dios. -- El fruto de nuestros labios. -- El juicio ante el tribunal de Cristo. |
| 563 ## - NOTA DE ENCUADERNACIÓN |
| Nota de encuadernación |
Rústico |
| 630 #7 - TITULO UNIFORME |
| Título uniforme |
Biblia. |
| Nombre de parte o sección de la obra |
Hebreos |
| Subdivisión de materia general |
Crítica, interpretación, etc. |
| 700 ## - ASIENTO SECUNDARIO - NOMBRE PERSONAL |
| 9 (RLIN) |
2169 |
| Nombre personal |
Muñoz, Rosemary de. |
| Responsabilidad |
autor |
| 942 ## - TIPO DE MATERIAL (KOHA) |
| Tipo de Item KOHA |
Libros General |
| 945 ## - INFORMACIÓN LOCAL DEL REGISTRO |
| Catalogador |
JTF-925 |